000 00583nam a2200193 i 4500
001 43976
003 ES-MaACL
005 20230906160924.0
007 t|
008 030320s1979 sp a c |||| | spa d
100 1 _aCayón, Juan R.
_937212
245 1 4 _aLas monedas españolas desde D. Pelayo (718) a Juan Carlos I (1980) /
_cJuan R. Cayón, Carlos Castán.
260 _aMadrid :
_b[s.n.,
_c1979]
300 _a1166 p. ;
_c25 cm.
500 _aÍndices.
650 4 _aMonedas-
_zEspaña-
_vCatálogos.
_9166457
700 1 _aCastán, Carlos.
_9139250
852 _aES-MaACL
_jA-10842
999 _c43976
_d43976